00941nam a22002057a 4500003000500000005001700005008004100022050001700063100002300080245016400103260005700267300003900324440004200363500016300405650005800568700002900626700002800655700002300683700002900706SISC20180206105100.0180206b xxu||||| |||| 00| 0 eng d aQC 21.2 .M33 aMaquiling, Joel T. aGeneral physics 2:bspecialized subject academic-STEM /cJoel T. Maquiling, Junius Andre F. Balista, Mark Nolan P. Confesor, Marissa G. Pastor, Michael Reuben. aQuezon City:bCommission on Higher Education,c2016. a274 pages:billustrations;c28 cm. aTeaching guide for senior high school aThis teaching guide by the Commission on Higher Education is licensed under a Creative Commons Attribution-NonCommercial-ShareAlike 4.0 International License. 2Library of Congress Subject HeadingsaGeneral physics aBalista, Junius Andre F. aConfesor, Mark Nolan P. aPastor, Marissa G. aSolis, Michael Reuben C.